000 00929cam a2200241 4500
001 WB3906-13
008 030212n2003 000 0 eng u
035 _a(Sirsi) u121334
245 _aHousing 'cold spots'
260 _c2003
490 _aGUS Press Release
_v 6 February 2003 (2)
520 _aThe London Borough of Kensington and Chelsea tops a list of places in the UK most likely to be hit by falling property prices, according to new figures by economic analysts Experian Business Strategies. For further information about the research "The outlook for house prices" contact Neil Blake, t +44 07774 273046. http://www.gusplc.co.uk/frame12.asp?filename=300
590 _aWB
650 _aHOUSE PRICES
650 _aSLOWDOWN
650 _aLONDON
650 _aINFLATION
650 _aHOUSING MARKET FORECASTS
650 _aSOUTHERN ENGLAND
650 _aNORTHERN ENGLAND
690 _aHOUSING
942 _n0
999 _c72102
_d72102